000 00876nas a2200277 4500
001 BR2013001004
003 BR-BrBNA
005 20231205121941.0
007 ta
008 230509b bl.|||p| |||| 00| 00por d
040 _aBR-BrBNA
_bpor
_cBiblioteca Nacional de Agricultura
041 _a(Pt)
072 _aQ80; Q04
100 1 _aBatista, J.A.
100 1 _aTanada-Palmu, P.S.
100 1 _aGrosso, C.R.F.
245 1 _aEfeito da adição de ácidos graxos em filmes à base de pectina
650 _aBIOFILME
650 _aPERMEABILIDADE
650 _aSOLUBILIDADE
650 _aMICROSCOPIA ELETRÔNICA
773 0 _tCiência e Tecnologia de Alimentos (Brazil)
_xISSN 1678-457X
_g(Oct-Dec 2005), V. 25(4) p. 781-788
_wBR2013001004
856 4 0 _uhttp://www.scielo.br/pdf/cta/v25n4/27651.pdf
909 _a202311
_bLúcia
_c55
_dLúcia Elande
942 _2AGRIS
_n0
_cANA
999 _c226105
_d226105